00945nam a2200229Ia 4500003000900000008004100009020001800050040001600068080002100084111008200105245024700187260004200434300001600476490002600492500002600518650004100544650002200585650001900607700002300626700002800649710003800677IN-BaIIA211028s9999 xx 000 0 eng d a90-277-0578-X cIIA Library a082.2:52bIAU-67 aInternational Astronomical Union Symposiumn67thcUSSRd1974 July 29 - Aug. 4 0aVariable stars and stellar evolutionsbproceedings of the International Astronomical Union Symposium No.67 held in Moscow, USSR July 29 to August 4, 1974cedited by Vicki E. Sherwood and Lukas Plaut  aDordrechtbD. Reidel Publishingc1975 axvii, 614p. aIAU Symposium; no. 67 aDonated by Mrs. Bappu aAstronomy and Astrophysics Thesaurus aStellar Evolution aVariable Stars aPlaut, Lukas., ed. aSherwood, Vicki E., ed. aInternational Astronomical Union